logo

Bir Sreshtho Munshi Abdur Rouf Library
Jhenaidah Cadet College

Borrow: selections with essays by Richard Ford, Leslie Stephen & George Saintsbury / (Record no. 6734)

MARC details
000 -LEADER
fixed length control field 01003nam a2200301 a 4500
001 - CONTROL NUMBER
JCCL Control Number 6734
003 - CONTROL NUMBER IDENTIFIER
JCCL marc code BD-JhCC
005 - DATE AND TIME OF LATEST TRANSACTION
control field 20180129105533.0
008 - FIXED-LENGTH DATA ELEMENTS--GENERAL INFORMATION
fixed length control field 180129s1924 enk 000 0 eng d
035 ## - SYSTEM CONTROL NUMBER
system control number (BD-JhCC)6734
040 ## - CATALOGING SOURCE
Original cataloging agency BD-JhCC
Transcribing agency FDA
Modifying agency BD-JhCC
041 ## - LANGUAGE CODE
Language code of Book eng
050 #0 - LIBRARY OF CONGRESS CALL NUMBER
Classification number PR4152
Item number .M5
082 ## - DEWEY DECIMAL CLASSIFICATION NUMBER
Classification number 828
Author mark and Year STE 1945
100 1# - MAIN ENTRY--PERSONAL NAME
Personal name Borrow, George,
Dates associated with a name 1803-1881.
245 10 - TITLE STATEMENT
Title Borrow: selections with essays by Richard Ford, Leslie Stephen & George Saintsbury /
Statement of responsibility, etc with an introduction and notes by Humphrey S. Milford
260 ## - PUBLICATION, DISTRIBUTION, ETC. (IMPRINT)
Place of publication, distribution, etc Oxford :
Name of publisher, distributor, etc The Clarendon Press,
Date of publication, distribution, etc 1924
300 ## - PHYSICAL DESCRIPTION
Pagination 223, [1] p.
Other physical details front. (port.)
Dimensions 19 cm
600 ## - SUBJECT ADDED ENTRY--PERSONAL NAME
Personal name Ford Richard,1796-1858
650 ## - SUBJECT ADDED ENTRY--TOPICAL TERM
Topical term or geographic name as entry element English Miscelleous writing
700 1# - ADDED ENTRY--PERSONAL NAME
Personal name Ford, Richard,
Dates associated with a name 1796-1858.
700 1# - ADDED ENTRY--PERSONAL NAME
Personal name Stephen, Leslie,
Dates associated with a name 1832-1904.
700 1# - ADDED ENTRY--PERSONAL NAME
Personal name Saintsbury, George,
Dates associated with a name 1845-1933.
700 1# - ADDED ENTRY--PERSONAL NAME
Personal name Milford, Humphrey Sumner,
Titles and other words associated with a name Sir,
Dates associated with a name 1877-1952.
830 #0 - SERIES ADDED ENTRY--UNIFORM TITLE
Uniform title Clarendon series of English literature
942 ## - ADDED ENTRY ELEMENTS (KOHA)
Source of classification or shelving scheme Dewey Decimal Classification
Koha item type Books
Holdings
Source of classification or shelving scheme Damaged status Not for loan Home library Current library Shelving location Date of accession Total Checkouts Full call number Barcode Date last seen Copy number Koha item type
Dewey Decimal Classification     JCC Rouf Library JCC Rouf Library General Stacks 01/29/2018   828 STE 1945 9267 01/29/2018 C - 1 Books

JCC Library | Contacts | JCC Home

Last Update on 23 September 2017
Copyright @ 2017-2020 JCC Rouf Library
Rouf Library, Jhenidah Cadet College (JCC), Bangladesh